000 00512nam a2200181Ia 4500
005 20250508150405.0
008 008 250505s9999 xx 000 0 eng d
037 _aTextual
040 _aFEDL
_beng
_cFEDL
041 _aeng
_2eng
084 _a407, PAL
_qFEDL
100 _aPalmer Harold E
_965864
245 0 _aScientific study and teaching of languages
260 _aLondon, UK
_bGeorge G Harrap and Co Ltd.
_c1937
300 _a328p.
942 _cTEXL
_h407, PAL
999 _c1323373
_d1323373